Le parfait secrétaire : 300 modèles de lettres pour l'entreprise = Larousse : Le parfait secrétaire
Un guide pratique de correspondance qui donne tous les modèles de lettres mais aussi les renseignements utiles sur le fonctionnement de l'entreprise, pour y travailler efficacement: la création de l'entreprise, les activités commerciales, la gestion du personnel, la publicité, la compt...
Đã lưu trong:
| Định dạng: | Sách |
|---|---|
| Ngôn ngữ: | Undetermined |
| Được phát hành: |
Paris
La Rousse
2002
|
| Những chủ đề: | |
| Các nhãn: |
Thêm thẻ
Không có thẻ, Là người đầu tiên thẻ bản ghi này!
|
| Thư viện lưu trữ: | Trung tâm Học liệu Trường Đại học Cần Thơ |
|---|
| LEADER | 01066nam a2200217Ia 4500 | ||
|---|---|---|---|
| 001 | CTU_133989 | ||
| 008 | 210402s9999 xx 000 0 und d | ||
| 020 | |c 178000 | ||
| 082 | |a 448.24 | ||
| 082 | |b P229 | ||
| 245 | 0 | |a Le parfait secrétaire : | |
| 245 | 0 | |b 300 modèles de lettres pour l'entreprise = Larousse : Le parfait secrétaire | |
| 245 | 0 | |c Coordination éditoriale: Roselyne Messager, Marie-Jeanne Miniscloux | |
| 260 | |a Paris | ||
| 260 | |b La Rousse | ||
| 260 | |c 2002 | ||
| 520 | |a Un guide pratique de correspondance qui donne tous les modèles de lettres mais aussi les renseignements utiles sur le fonctionnement de l'entreprise, pour y travailler efficacement: la création de l'entreprise, les activités commerciales, la gestion du personnel, la publicité, la comptabilité, les relations avec les banques, les relations avec les assurances, les démarches courantes. | ||
| 650 | |a French language,French language | ||
| 650 | |x Study and teaching | ||
| 904 | |i Giang | ||
| 980 | |a Trung tâm Học liệu Trường Đại học Cần Thơ | ||